Top 10 des prénoms des pires mamans - Statistiques

Statistiques générales
  • Ce quiz a été pris 3 350 fois
  • Le résultat moyen est 3 sur 10
Statistiques - réponses
Réponse % Correct
10. Stéphanie
43%
2. Nathalie
39%
4. Sandrine
37%
6. Sylvie
37%
7. Valérie
33%
3. Isabelle
31%
9. Christelle
28%
8. Virginie
26%
5. Mélanie
16%
1. Nadia
12%
Aucun quiz correspondant
Distribution des résultats
% des personnes avec chaque résultat
Percentile par nombre de réponses
Votre historique - résultats
Vous n’avez pas pris ce quiz